000
00349pam a2200157a 44500
008
230515b1992 xxu||||| |||| 00| 0 eng d
020
_a
NULL
041
_a
ENGLISH
082
_a
N.D.
100
_a
Jagdish Lal
245
_a
Fluid Mechanics & Hydraulic
250
_a
0
260
_a
NULL
_b
Metropolotan
_c
1992
300
_a
1048
650
_a
NULL
999
_c
574252
_d
574252